| 000 | 00546nam a2200181Ia 4500 | ||
|---|---|---|---|
| 001 | 9477 | ||
| 005 | 20260306161721.0 | ||
| 008 | 260306t2013||||xx |||||||||||||| ||spa|| | ||
| 041 | _aESP | ||
| 082 |
_a379.156 _bI59A |
||
| 100 |
_aInstituto Peruano de Evaluacion, Acreditacion y Certificacion de la Calidad de la Educacion Basica _eAUT |
||
| 245 | 0 |
_aMapas de progreso del aprendizaje: _bMatemática: números y operaciones |
|
| 260 | _c2013 | ||
| 300 |
_a43 páginas : _c30 cm. |
||
| 650 | _aGEN | ||
| 654 | _aCED | ||
| 942 |
_cLIB _dJUS _fJUS _2ddc _n |
||
| 999 |
_c9477 _d9477 |
||